1494 1124 1164 1379 1718 1304 1602 1969 1823 1760 1974 1428 1261 1655 1039 1546 1226 1834 1893 1028 1088 1118 1204 1588 1825 1658 1216 1944 1849 1311 1735 1421 1528 1352 1469 1030 1713 1248 1237 1944 1182 1860 1687 1878 1403 1423 1047 1099 1099 1996 1831 1125 1176 1461 1208 1475 1006 1791 1139 1229 1858 1680 1497 1480 1229 1164 1503 1605 1663 1092 1470 1263 1903 1169 1723 1584 1050 1486 1041 1144 1442 1332 1598 1623 1002 1133 1282 1949 1451 1226 1517 1755 1073 1116 1205 1387 1569 1592 1656 BCNSPRNW ULIB Ver.6.0+V

เปลี่ยนเป็นภาษาไทย

Change to English
 แสดงรายละเอียดบรรณานุกรม
  กลับหน้าหลัก

Brief Record : Get Marc (ISO 2709) : E-mail record : QR code < ปิดหน้าต่าง
LEADER : 00000nam 2200000uu 4500
001    13399113024
003     ULIB
008    110214s2547||||th 000 0 tha d
020    9789746452762(ล.1)
060  4 WY150^bย496ก ล.1 2547
110 1  มหาวิทยาลัยสุโขทัยธรรมาธิราช^bสาขาวิชาพยาบาลศาสตร์
245 00 เอกสารการสอนชุดวิชา การพยาบาลผู้ใหญ่และผู้สูงอายุ หน่วยที่1-5=^bAdult and elderly nursing /^cบรรณาธิการ ศรีนวล สถิตวิทยานันท์
246 31  Adult and elderly nursing
250    พิมพ์ครั้งที่ 2
260    นนทบุรี:^bศูนย์หนังสือมหาวิทยาลัยสุโขทัยธรรมาธิราช,^c2547
300    445 หน้า
650  7 การพยาบาลผู้สูงอายุ
650  7 การพยาบาลผู้ใหญ่
700 0  ศรีนวล สถิตวิทยานันท์,^eบรรณาธิการ
710 2  มหาวิทยาลัยสุโขทัยธรรมาธิราช^bสาขาวิชาพยาบาลศาสตร์
945    ^p0^l0^i017608
945    ^p0^l0^i017609
995    ทศพร
999 ^a ใช้งานได้ทุกระบบ
รายการนี้ยังไม่มีแท็ก
คุณยังไม่ได้ล็อกอิน คุณสามารถมีกิจกรรมร่วมกับเว็บไซต์ได้ แต่ต้องล็อกอินก่อน ::
  ล็อกอิน

รายการสื่อสารสนเทศ

ลำดับที่ ประเภท เลขเรียก/บาร์โค้ด สถานที่ สถานะ
- ไม่พบข้อมูล -

รายการใกล้เคียง
    หัวเรื่อง [การพยาบาลผู้สูงอายุ]
    หัวเรื่อง [การพยาบาลผู้ใหญ่]

BibComment


ยังไม่เคยถูกคอมเมนท์

คอมเมนท์ทรัพยากรรายการนี้
  คอมเมนท์: เอกสารการสอนชุดวิ..


 Copyright 2026. Bcnsprnw @Library